000 00745nam a2200205Ii 4500
003 JO-AjNU
008 230605s9999||||xx |||||||||||||| ||und||
017 _a861
040 _aJO-AjNU
_bara
_erda
_cJO-AjNU
041 _aara
050 1 4 _aS605.H5672 1983
100 3 _aهنداوي ، نجيب عبدالحليم/ م مشارك مكي مجيد عبود الشكرجي,
_eauthor
_916187
245 0 0 _aمكائن ومعدات استصلاح وتسوية التربة
264 3 1 _aالموصل:وزارة البحث العلمي ، 1983
300 _a282ص
336 _atext
_btxt
_2rdacontent
337 _aunmediated
_bn
_2rdamedia
338 _avolume
_bnc
_2rdacarrier
650 4 _aالري-اصلاح الارضي -الزراعة
_916188
999 _aA4742
_c8310
_d8310